Piedra y sol : (poemas elegidos) /

Guardado en:
Autor Principal: Paz, Octavio
Otros Autores: Villena, Luis Antonio de, ed.
Formato: Libro
Publicado: Buenos Aires : Continente, 2014
Materias:
Etiquetas: Agregar Etiqueta
Sin Etiquetas, Sea el primero en etiquetar este registro!
LEADER 01093nam a22002535a 4500
001 CEM.cems018420
008 130507s2014##################000#0#####d
005 20220214183759.0
003 CEMS
245 1 0 |a Piedra y sol :  |b (poemas elegidos) /  |c Octavio Paz ; edición de Luis Antonio de Villena 
260 |a Buenos Aires :  |b Continente,  |c 2014 
300 |a 320 p. 
505 0 |a De palabra sobre palabra (1935-1957) -- De días hábiles (1958-1961) -- De homenaje y profanaciones (1960) -- De salamandra (1958-1961) -- La ladera este (1962-1968) -- De hacia el comienzo (1964-1968) -- De topoemas (1968) -- De vuelta (1969-1975) -- De árbol adentro (1976-1988) -- De poemas (1989-1996) 
020 |a 9789507544882 
100 1 |a Paz, Octavio 
700 1 |a Villena, Luis Antonio de, ed. 
082 0 4 |a M861.4 
653 |a Literatura 
653 |a Literatura mexicana 
653 |a Poesías 
653 |a Poesía mexicana 
653 |a Colección Juan Gelman 
859 |a CEMS  |b BIB. CEMS - Agricultura  |h M861.4  |i P298  |p A2242.15  |t Ej.1 
859 |a CEMS  |b BIB. CEMS - 11 de abril  |h M861.4  |i P298  |p 27467.18  |t Ej.1